Capital, technology, and labor in the new global economy

Uložené v:
Podrobná bibliografia
Ďalší autori: Cassing, James H., Husted, Steven L.
Médium: Kniha
Jazyk:English
Vydavateľské údaje: Washington American Enterprise Inst. for Public Policy Research 1988
Vydanie:1. ed.
Tagy: Pridať tag
Žiadne tagy, Buďte prvý, kto otaguje tento záznam!

MARC

LEADER 00000nam a2200000 4500
001 c036722
005 20221219115540.9
041 0 |a eng 
044 |a US 
245 1 0 |a Capital, technology, and labor in the new global economy  |c Edit. James H. Cassing, Steven L. Husted 
250 |a 1. ed. 
264 1 |a Washington  |b American Enterprise Inst. for Public Policy Research  |c 1988 
300 |a 203 s. 
700 1 |a Cassing, James H. 
700 1 |a Husted, Steven L.